Visualizzazione normale
Vista MARC
- Mora, José Joaquín de,
di Personal Name
Records bibliografici associati: 1
001 - CONTROL NUMBER
- control field: 16353
003 - CONTROL NUMBER IDENTIFIER
- control field: IT-RoINE
005 - DATE AND TIME OF LATEST TRANSACTION
- control field: 20150130155525.0
008 - FIXED-LENGTH DATA ELEMENTS
- fixed length control field: 150130|| aca||aabn | a|a d
040 ## - CATALOGING SOURCE
- Original cataloging agency: IT-RoINE
- Transcribing agency: IT-RoINE
100 ## - HEADING--PERSONAL NAME
- Personal name: Mora, José Joaquín de,
- Dates associated with a name: 1783-1864
670 ## - SOURCE DATA FOUND
- Source citation: Work cat.: (IT-RoINE)0: Luis de Granada, O.P., 1504-1588 4160, Obras del V.P.M. Fray Luis de Granada /, 1944-1945.